Too Well - Renee Rapp (All Lyrics) - Statistics

General Stats
  • This quiz has been taken 30 times
    6 since last reset
  • The average score is 183 of 267
Answer Stats
Lyrics % Correct
a
100%
do
100%
don't
100%
for
100%
I
100%
(I
100%
my
100%
to
100%
where
100%
as
75%
but
75%
But
75%
Can't
75%
day
75%
dreams,
75%
finally
75%
First
75%
forget
75%
get
75%
good
75%
good,
75%
hate
75%
I'd
75%
I'm
75%
in
75%
it
75%
It's
75%
me
75%
months,
75%
mood
75%
much
75%
much)
75%
myself
75%
of
75%
on
75%
once
75%
see
75%
sick
75%
six
75%
so
75%
there
75%
time
75%
Today,
75%
too
75%
up
75%
well
75%
woke
75%
you
75%
You
75%
again
50%
(Again)
50%
and
50%
And
50%
angry
50%
ask
50%
at
50%
back
50%
be
50%
biggest
50%
break
50%
called
50%
callin'
50%
could
50%
crushed
50%
(Crushed)
50%
Cryin'
50%
doin'
50%
easier
50%
eight,
50%
else
50%
ends,
50%
face,
50%
felt
50%
friends
50%
grudge
50%
(Grudge)
50%
happy
50%
heard
50%
hearin'
50%
holdin'
50%
Just
50%
mistake
50%
more
50%
name
50%
never
50%
overthinkin'
50%
rather
50%
reminiscin'
50%
replayin'
50%
shame,
50%
shit
50%
sleep
50%
somewhere
50%
space,
50%
started
50%
still
50%
stop
50%
sucks,
50%
than
50%
that
50%
This
50%
two
50%
ugh
50%
weeks
50%
weren't
50%
What
50%
what
50%
wreck,
50%
your
50%
you're
50%
(Mm)
25%
No matching quizzes found
Score Distribution
Percent of People with Each Score
Percentile by Number Answered
Your Score History
You have not taken this quiz since the last reset